Normal view
MARC view
- RASMI JANARDHANAN
Entry Personal Name
001 - CONTROL NUMBER
- control field: 3828
003 - CONTROL NUMBER IDENTIFIER
- control field: OSt
005 - DATE AND TIME OF LATEST TRANSACTION
- control field: 20181031152817.0
008 - FIXED-LENGTH DATA ELEMENTS
- fixed length control field: 181031|| aca||aabn | a|a d
040 ## - CATALOGING SOURCE
- Original cataloging agency: OSt
- Transcribing agency: OSt
100 ## - HEADING--PERSONAL NAME
- Personal name: RASMI JANARDHANAN
670 ## - SOURCE DATA FOUND
- Source citation: Work cat.: (OSt): RASMI JANARDHANAN, DEVELOPMENT AND QUALITY EVALUATION OF THERMALLY PROCESSED CASSAVA IN RETORT POUCH, 2018
